Statistics for Music by Letter - T

Click here to take the quiz!

General Stats

  • This quiz has been taken 8,427 times
    (8,143 since last reset)
  • The average score is 16 of 20

Answer Stats

Hint Answer % Correct
Orchestral brass instrumentTrumpet
92%
Orchestral brass instrumentTrombone
90%
Speed of a piece of musicTempo
89%
Piece of music for three playersTrio
88%
Nirvana: "Smells like ____ Spirit"Teen
88%
Higher than baritone, lower than altoTenor
86%
Adjust an instrument to correct pitchTune
85%
Band with the 1982 hit "Africa"Toto
85%
Swift of country and popTaylor
84%
Orchestral brass instrumentTuba
82%
Rapper ShakurTupac
81%
Musical theater equivalent of an
Oscar award
Tony
80%
"Hey Mr. __________ man, play
a song for me"
Tambourine
75%
City that Drake is fromToronto
74%
Composer of "The Nutcracker"Tchaikovsky
74%
Small metal percussion instrumentTriangle
72%
"What's Love Got to Do With It" singerTurner
70%
Also known as G clefTreble
65%
Wagner opera: "______ and Isolde"Tristan
55%
Girl band with 1995 hit "Waterfalls"TLC
53%

Score Distribution

Percentile by Number Answered

Percent of People with Each Score

Your Score History

You have not taken this quiz since the last reset